Política y burguesía en el Perú: el Partido Civil antes de la guerra con Chile

Guardat en:
Dades bibliogràfiques
Autor principal: Mucke, Ulrich (autor)
Format: Llibre
Idioma:espanyol
Publicat: Lima Instituto Francés de Estudios Andinos 2010
Lima Instituto de Estudios Peruanos 2010
Edició:1a. ed
Matèries:
Etiquetes: Afegir etiqueta
Sense etiquetes, Sigues el primer a etiquetar aquest registre!

MARC

LEADER 00000cam a2200000 a 4500
001 UCF4381
003 CL-VaPUC
008 121206e20101100PE |||||||||||||||||spa|d
020 |a 9789972623684 
082 0 4 |a 985.061  |b MUC  |2 21 
100 |a Mucke, Ulrich  |e autor  |9 565928 
245 1 0 |a Política y burguesía en el Perú: el Partido Civil antes de la guerra con Chile 
250 |a 1a. ed 
300 |a 362 p 
942 |c BK 
945 |d 20121206 00:00:00  |a dcastane 
260 |a Lima  |b Instituto Francés de Estudios Andinos  |c 2010 
260 |a Lima  |b Instituto de Estudios Peruanos  |c 2010 
650 0 |a Historia del Perú   |9 430972 
650 0 |a Partidos políticos  |9 254999 
650 0 |a Ideologías políticas   |9 255735 
583 |a last modification  |c 20121206 10:49:00  |k Rodrigo Vera 
999 |c 350188  |d 350186 
952 |0 0  |1 0  |4 0  |6 985_061000000000000_MUC_2010_2010  |7 0  |8 X  |9 453407  |a FDOBUD  |b FDOBUD  |d 2019-11-22  |i 4930193  |o 985.061 MUC 2010 2010  |p 4930193  |r 2019-11-22  |w 2019-11-22  |y BK_X  |k BUD